00751nam a2200217 4500003000400000005001700004008004100021040001800062041000800080050001700088100002800105245013000133264004800263300003300311336002200344337002400366338002400390500004000414700004600454700003300500OSt20260601193850.0260508b2010 mx a|||| |||| 00| 0 spa d aICIbspacICI aspa aNK1390b.C33 1aCabrero, Emilio,dautor 1aCien por ciento diseño :bdesign week 2010 /cEmilio Cabrera ; coordinador Jaime Hernández Encontra ; Rocío Martínez aMéxico :bDWMEXICO :bCAD México,c2010 a177 páginasbilustraciones atexto2rdacontent asin medio2rdamedia avolumen2rdacarrier a50 Tiendas 700 Marcas Un solo lugar 1aHernández Encontra, Jaime,ecoordinador 1aMartínez, Rocío,eeditor